=LDR 00000nam 2200000 4500 =001 INLIS000000000050551 =005 20200330114246 =035 ##$$a 0010-0517000204 =007 ta =008 200330################g##########0#ind## =020 ##$$a 978-602-317-033 - 3 =082 ##$$a 297.14 =084 ##$$a 297.14 FAI r =100 1#$$a Faizin M, Nur =245 1#$$a Rezeki Al-Qur'an : $b Solusi Al-Qur'an untuk yang seret rezeki /$c Nur Faizin M., M.A. =250 ##$$a Cet.1 =260 ##$$a Surakarta :$b Al-Quds,$c 2015 =300 ##$$a 224 hlm : $b ilus ; $c 14 x 20,5 cm =650 #4$$a FIQIH =990 ##$$a 31701346 =990 ##$$a 31701345